The White Quiz Stats

 Plays Quiz Updated Jan 20, 2017

     
Support Sporcle.
Go Orange.
Score 0/30 Timer 06:00
67 Plays Today
Hint Answer % Correct
Home of the US PresidentWhite House
95.6%
Friend of the 7 DwarfsSnow White
95.6%
Used to indicate surrender in battleWhite Flag
92.2%
A fabrication to avoid the harmful realistic implications of the truthWhite Lie
91.5%
Telephone directory listing residential customersWhite Pages
82.4%
Harold & Kumar wanted to go to this hamburger fast food chainWhite Castle
82.1%
Correctional fluidWite-out
81.9%
Arguably the world's largest known predatory fishGreat White Shark
80%
Southside Chicago baseball teamWhite Sox
77.3%
Cocktail with vodka, coffee liqueur and creamWhite Russian
71.4%
Crime capitalizing on a person's high social statusWhite-Collar Crime
67.7%
Band of Jack and MegWhite Stripes
66.4%
1992 Basketball Film Starring Woody Harrelson and Wesley Snipes.White Men Can't Jump
63.3%
Commonly known title of 1968 Beatles double albumWhite Album
61.8%
Body of water in northwest RussiaWhite Sea
60.1%
Hint Answer % Correct
One of the Golden GirlsBetty White
57.9%
Random signal with a uniform frequency spectrum over a wide range of frequencies.White Noise
57.6%
U.S. Gold Medal winning snowboarderShaun White
51.2%
Author of 'Charlotte's Web' and 'Stuart Little.'E.B. White
51.2%
Often considered Billy Idol's most popular song White Wedding
50.7%
A star that has undergone a gravitational collapseWhite Dwarf
45.3%
A character in Cluedo (Clue)Mrs. White
43.9%
Novel by Jack LondonWhite Fang
43%
English hard rock band founded by David CoverdaleWhitesnake
32.5%
Romantic bass singer who fronted Love Unlimited OrchestraBarry White
28.4%
Obscure the truth by issuing a blanket of liesWhitewash
25.9%
1967 Moody Blues songNights in White Satin
20.1%
Ben Stiller's character in DodgeballWhite Goodman
18.1%
1992 Bridget Fonda thrillerSingle White Female
14.8%
Road in London on which statue of Charles I is locatedWhitehall
12.6%

From the Vault

MLB Opening Day Starting Pitchers (2015)

by shadysbeast25

Sports 5m
Baseball is back, and it's up to these guys to start it off right!
Remove Ads.
Support Sporcle.
Get the best of Sporcle when you Go Orange. This ad-free experience offers more features, more stats, and more fun while also helping to support Sporcle. Thank you for becoming a member.

Show Comments

Extras

Top Quizzes Today


Score Distribution

Your Account Isn't Verified!

In order to create a playlist on Sporcle, you need to verify the email address you used during registration. Go to your Sporcle Settings to finish the process.

Report this User

Report this user for behavior that violates our Community Guidelines.

Details: